| 000 -LEADER |
| fixed length control field |
01928cim a2200505 a 4500 |
| 001 - CONTROL NUMBER |
| control field |
ocn850211361 |
| 003 - CONTROL NUMBER IDENTIFIER |
| control field |
NUMC |
| 005 - DATE AND TIME OF LATEST TRANSACTION |
| control field |
20260419114922.0 |
| 007 - PHYSICAL DESCRIPTION FIXED FIELD--GENERAL INFORMATION |
| fixed length control field |
sd fungnnmmned |
| 008 - FIXED-LENGTH DATA ELEMENTS--GENERAL INFORMATION |
| fixed length control field |
130620s2014 nyunnnn f n eng d |
| 020 ## - INTERNATIONAL STANDARD BOOK NUMBER |
| International Standard Book Number |
9781611762525 |
| 020 ## - INTERNATIONAL STANDARD BOOK NUMBER |
| International Standard Book Number |
1611762529 |
| 020 ## - INTERNATIONAL STANDARD BOOK NUMBER |
| International Standard Book Number |
9781611762525 |
| 035 ## - SYSTEM CONTROL NUMBER |
| System control number |
(OCoLC)850211361 |
| 040 ## - CATALOGING SOURCE |
| Original cataloging agency |
BTCTA |
| Language of cataloging |
eng |
| Transcribing agency |
BTCTA |
| Modifying agency |
TEF |
| -- |
TEFMT |
| -- |
ZHB |
| -- |
JP3 |
| -- |
VP@ |
| 043 ## - GEOGRAPHIC AREA CODE |
| Geographic area code |
n-us-sc |
| 049 ## - LOCAL HOLDINGS (OCLC) |
| Holding library |
VP@A |
| 050 #4 - LIBRARY OF CONGRESS CALL NUMBER |
| Classification number |
PS3611.I44 |
| Item number |
I58 2014ab |
| 082 04 - DEWEY DECIMAL CLASSIFICATION NUMBER |
| Classification number |
813/.6 |
| Edition number |
23 |
| 092 ## - LOCALLY ASSIGNED DEWEY CALL NUMBER (OCLC) |
| Classification number |
FIC |
| 100 1# - MAIN ENTRY--PERSONAL NAME |
| Personal name |
Kidd, Sue Monk. |
| 245 14 - TITLE STATEMENT |
| Title |
The invention of wings |
| Medium |
[sound recording] : |
| Remainder of title |
[a novel] / |
| Statement of responsibility, etc |
Sue Monk Kidd. |
| 260 ## - PUBLICATION, DISTRIBUTION, ETC. (IMPRINT) |
| Place of publication, distribution, etc |
[New York] : |
| Name of publisher, distributor, etc |
Penguin Audio, |
| Date of publication, distribution, etc |
p2014. |
| 300 ## - PHYSICAL DESCRIPTION |
| Extent |
12 audio discs (13 hr., 30 min.) : |
| Other physical details |
digital ; |
| Dimensions |
4 3/4 in. |
| 500 ## - GENERAL NOTE |
| General note |
Unabridged. |
| 511 0# - PARTICIPANT OR PERFORMER NOTE |
| Participant or performer note |
Read by Jenna Lamia, Adepero Oduye, and the author. |
| 520 ## - SUMMARY, ETC. |
| Summary, etc |
On Sarah's eleventh birthday, she is given ownership of ten-year-old Handful, who is to be her handmaid. We follow their remarkable journeys over the next 35 years, as both strive for a life of their own, dramatically shaping each other's destinies and forming a complex relationship marked by guilt, defiance, estrangement and the uneasy ways of love. |
| 538 ## - SYSTEM DETAILS NOTE |
| System details note |
Compact discs. |
| 590 ## - LOCAL NOTE (RLIN) |
| Local note |
Set includes: 12 compact discs. |
| 600 10 - SUBJECT ADDED ENTRY--PERSONAL NAME |
| Personal name |
Grimk�e, Sarah Moore, |
| Dates associated with a name |
1792-1873 |
| Form subdivision |
Fiction. |
| 650 #0 - SUBJECT ADDED ENTRY--TOPICAL TERM |
| Topical term or geographic name as entry element |
Women slaves |
| Geographic subdivision |
South Carolina |
| Form subdivision |
Fiction. |
| 650 #0 - SUBJECT ADDED ENTRY--TOPICAL TERM |
| Topical term or geographic name as entry element |
Antislavery movements |
| Form subdivision |
Fiction. |
| 650 #0 - SUBJECT ADDED ENTRY--TOPICAL TERM |
| Topical term or geographic name as entry element |
Feminists |
| Geographic subdivision |
South Carolina |
| Form subdivision |
Fiction. |
| 650 #0 - SUBJECT ADDED ENTRY--TOPICAL TERM |
| Topical term or geographic name as entry element |
Slavery |
| Form subdivision |
Fiction. |
| 650 #0 - SUBJECT ADDED ENTRY--TOPICAL TERM |
| Topical term or geographic name as entry element |
Women abolitionists |
| Form subdivision |
Fiction. |
| 650 #0 - SUBJECT ADDED ENTRY--TOPICAL TERM |
| Topical term or geographic name as entry element |
Women's rights |
| Form subdivision |
Fiction. |
| 651 #0 - SUBJECT ADDED ENTRY--GEOGRAPHIC NAME |
| Geographic name |
Charleston (S.C.) |
| Form subdivision |
Fiction. |
| 651 #0 - SUBJECT ADDED ENTRY--GEOGRAPHIC NAME |
| Geographic name |
South Carolina |
| Form subdivision |
Fiction. |
| 655 #7 - INDEX TERM--GENRE/FORM |
| Genre/form data or focus term |
Biographical fiction. |
| Source of term |
gsafd |
| 655 #7 - INDEX TERM--GENRE/FORM |
| Genre/form data or focus term |
Historical fiction. |
| Source of term |
gsafd |
| 700 1# - ADDED ENTRY--PERSONAL NAME |
| Personal name |
Lamia, Jenna. |
| 700 1# - ADDED ENTRY--PERSONAL NAME |
| Personal name |
Oduye, Adepero. |
| 942 ## - ADDED ENTRY ELEMENTS (KOHA) |
| Source of classification or shelving scheme |
|
| Koha item type |
Books |